LEADER 01995nam0 22004213i 450 001 SUN0095403 005 20130930020122.916 010 $a22-510-1223-0 100 $a20130926d1989 |0frec50 ba 101 $afre$aLAT 102 $aFR 105 $a|||| ||||| 200 1 $aCatilina$aJugurtha$aFragments des histoires$fSalluste$gtexte établi et traduit par Alfred Ernout 205 $a13. tirage$frevu et corrige par J. Hellegouarc'h 210 $aParis$cLes belles lettres$d1989 215 $a313 p. (48-303 paginazione doppia)$d20 cm. - Testo orig. a fronte. 410 1$1001SUN0012281$12001 $aCollection des universités de France. - Paris$eLes belles lettres. - Dal 1991 la collezione si scinde in due sottocollezioni. 510 1$3SUN0095474$aˆDe ‰coniuratione Catilinae. 517 1$3SUN0095472$aJugurtha. 517 1$3SUN0095473$aFragments des histoires. 620 $dParis$3SUNL000046 700 1$aSallustius Crispus$b, Gaius$3SUNV029351$0154956 702 1$aErnout$b, Alfred$3SUNV075174 702 1$aHellegouarc'h$b, Joseph$3SUNV076219 712 $aLes belles lettres$3SUNV001952$4650 790 0$aSallustius <86-ca. 35 a.C.>$zSallustius Crispus, Gaius$3SUNV089460 790 0$aSallustio <86-ca. 35 a.C.>$zSallustius Crispus, Gaius$3SUNV089461 790 0$aSallustius Crispus, Caius$zSallustius Crispus, Gaius$3SUNV089462 790 1$aSallustio Crispo, Gaio$zSallustius Crispus, Gaius$3SUNV047205 790 1$aSallustio Crispo, Caio$zSallustius Crispus, Gaius$3SUNV047206 801 $aIT$bSOL$c20181109$gRICA 912 $aSUN0095403 950 $aUFFICIO DI BIBLIOTECA DEL DIPARTIMENTO DI GIURISPRUDENZA$d00 CONS XVIII.R.213 $e00 2717 995 $aUFFICIO DI BIBLIOTECA DEL DIPARTIMENTO DI GIURISPRUDENZA$h2717$kCONS XVIII.R.213$oc$qa 996 $aFragments des histoires$91408544 996 $aJugurtha$91408543 996 $aCatilina$9559436 997 $aUNICAMPANIA